000
00203nam a22000857a 4500
008
251203b |||||||| |||| 00| 0 eng d
100
_a
Oswaal
_9
7599
245
_a
Science Question Bank-7
260
_a
New Delhi
999
_c
12839
_d
12839